20 Largest cities in Australia - Statistics

General Stats
  • This quiz has been taken 35 times
  • The average score is 13 of 20
Answer Stats
Population Answer % Correct
1,449,366 Adelaide
100%
5,245,182 Melbourne
100%
2,363,649 Perth
100%
5,143,256 Sydney
100%
2,693,649 Brisbane
97%
138,567 Darwin
91%
510,641 Canberra
88%
750,997 Gold Coast
78%
233,592 Hobart
72%
163,214 Cairns
63%
318,258 Wollongong
63%
534,033 Newcastle
56%
417,982 Sunshine Coast
53%
189,356 Townsville
53%
308,915 Geelong
38%
101,370 Albury
31%
106,022 Bendigo
28%
93,194 Launceston
28%
119,284 Ballarat
25%
152,087 Toowoomba
25%
No matching quizzes found
Score Distribution
Percent of People with Each Score
Percentile by Number Answered
Your Score History
You have not taken this quiz